书目信息 |
| 题名: |
初中信息技术教学关键问题指导
|
|
| 作者: | 张宏 主编 | |
| 分册: | ||
| 出版信息: | 北京 高等教育出版社 2015.11 |
|
| 页数: | 242页 | |
| 开本: | 25cm | |
| 丛书名: | ||
| 单 册: | ||
| 中图分类: | G633.673 | |
| 科图分类: | ||
| 主题词: | 教育--各级 | |
| 电子资源: | ||
| ISBN: | 7-04-043374-5 | |
| 000 | 00620nam0 2200193 450 | |
| 001 | 2538633997 | |
| 005 | 20250306104731.54 | |
| 010 | @a7-04-043374-5@dCNY39.80 | |
| 100 | @a20250306d2015 km y0chiy0120 ea | |
| 101 | 0 | @achi |
| 102 | @aCN@b110000 | |
| 200 | 1 | @a初中信息技术教学关键问题指导@AChu Zhong Xin Xi Ji Shu Jiao Xue Guan Jian Wen Ti Zhi Dao@f张宏主编@FZhang Hong Zhu Bian |
| 210 | @a北京@c高等教育出版社@d2015.11 | |
| 215 | @a242页@d25cm | |
| 606 | 0 | @a教育@x各级 |
| 690 | @aG633.673@v4 | |
| 701 | 0 | @a张宏@AZhang Hong@4主编 |
| 801 | 0 | @aCN@b大连网信软件有限公司图书馆·11@c20250306 |
| 905 | @aZUCC@dG633.673@eP185 | |
| 初中信息技术教学关键问题指导/张宏主编.-北京:高等教育出版社,2015.11 |
| 242页;25cm |
| ISBN 7-04-043374-5:CNY39.80 |
| ● |
| 相关链接 |
|
|
|
|
正题名:初中信息技术教学关键问题指导
索取号:G633.673/P185
 
预约/预借
| 序号 | 登录号 | 条形码 | 馆藏地/架位号 | 状态 | 备注 |
| 1 | 7203952 | 272039527 | 密集书库—物理系/ [索取号:G633.673/P185] | 在馆 |